[Event "San Sebastian de los Reyes op U1600 2nd"]
[Site "San Sebastian de los Reyes"]
[Date "2019.10.26"]
[Round "6"]
[White "Cruz Lopez, Jose"]
[Black "Medina Balenciaga, Patricio"]
[Result "0-1"]
[WhiteElo "1340"]
[BlackElo "1380"]
[PlyCount "75"]
[EventDate "2019.10.12"]
[EventType "swiss"]
[EventRounds "6"]
[EventCountry "ESP"]
[SourceTitle "EXT 2024"]
[Source "ChessBase"]
[SourceDate "2023.10.10"]
[SourceVersion "1"]
[SourceVersionDate "2023.10.10"]
[SourceQuality "1"]

1. e4 e5 2. d3 Bc5 3. Be3 Bxe3 4. fxe3 Nf6 5. Nc3 d6 6. Nf3 Nc6 7. d4 exd4 8. exd4 Bg4 9. Be2 Qe7 10. 0-0 Nxe4 11. Nxe4 Qxe4 12. Re1 0-0 13. Ba6 Bxf3 14. gxf3 Qg6+ 15. Kf2 bxa6 16. Qd2 Qf6 17. c3 Rfe8 18. Rg1 Re7 19. Rg3 Rae8 20. Qd3 Qf4 21. Kf1 Re3 22. Qxa6 Rxf3+ 23. Rxf3 Qxf3+ 24. Kg1 h6 25. Rf1 Qg4+ 26. Kh1 Qd7 27. Qd3 Ne7 28. Qf3 Qc6 29. d5 Qxd5 30. c4 Qxf3+ 31. Rxf3 d5 32. b3 dxc4 33. bxc4 Ng6 34. c5 Re1+ 35. Kg2 Re2+ 36. Rf2 Rxf2+ 37. Kxf2 Ne5 38. c6 0-1

[Event "San Sebastian de los Reyes op 20th"]
[Site "San Sebastian"]
[Date "2018.12.02"]
[Round "2"]
[White "Medina Balenciaga, Patricio"]
[Black "Savchuk, Olga"]
[Result "0-1"]
[WhiteElo "1408"]
[BlackElo "1612"]
[PlyCount "118"]
[EventDate "2018.12.01"]
[EventType "swiss"]
[EventRounds "9"]
[EventCountry "ESP"]
[SourceTitle "CBM 187 Extra"]
[Source "ChessBase"]
[SourceDate "2018.11.04"]
[SourceVersion "1"]
[SourceVersionDate "2018.11.04"]
[SourceQuality "1"]

1. e4 e5 2. Nf3 Nc6 3. Bc4 Bc5 4. c3 Nf6 5. d4 exd4 6. e5 Ng4 7. 0-0 dxc3 8. Nxc3 0-0 9. h3 Ngxe5 10. Nxe5 Nxe5 11. Bb3 c6 12. Bf4 Ng6 13. Bd6 Bxd6 14. Qxd6 Qe7 15. Qg3 d5 16. Rfe1 Qf6 17. Rad1 Bf5 18. Rd2 Rae8 19. Ree2 d4 20. Na4 d3 21. Re3 b6 22. Nc3 Re7 23. Bc4 Ne5 24. Ne4 Bxe4 25. Rxe4 Rfe8 26. Bxd3 Nxd3 27. Rxe7 Qxe7 28. Rxd3 Qe1+ 29. Kh2 h6 30. Re3 Rxe3 31. fxe3 Qxg3+ 32. Kxg3 Kf8 33. Kf4 Ke7 34. g4 Ke6 35. Ke4 c5 36. b3 g6 37. h4 f5+ 38. gxf5+ gxf5+ 39. Kf4 b5 40. e4 fxe4 41. Kxe4 Kd6 42. h5 Ke6 43. a3 a6 44. a4 bxa4 45. bxa4 Kd6 46. Kd3 Kd5 47. a5 c4+ 48. Kc3 Kc5 49. Kc2 Kb4 50. Kb2 Kxa5 51. Kc3 Kb5 52. Kb2 Kb4 53. Kc2 a5 54. Kb2 a4 55. Kc2 a3 56. Kb1 Kb3 57. Ka1 Kc2 58. Ka2 c3 59. Kxa3 Kd1 0-1

[Event "San Sebastian de los Reyes U1600 1st"]
[Site "San Sebastian de los Reyes"]
[Date "2018.10.27"]
[Round "6"]
[White "Sanabria Gris, Pol"]
[Black "Medina Balenciaga, Patricio"]
[Result "1/2-1/2"]
[WhiteElo "1145"]
[BlackElo "1435"]
[PlyCount "113"]
[EventDate "2018.10.06"]
[EventType "swiss"]
[EventRounds "6"]
[EventCountry "ESP"]
[SourceTitle "CBM 187 Extra"]
[Source "ChessBase"]
[SourceDate "2018.11.04"]
[SourceVersion "1"]
[SourceVersionDate "2018.11.04"]
[SourceQuality "1"]

1. e4 e5 2. Nf3 d6 3. Nc3 Bg4 4. Bc4 Nc6 5. h3 Bxf3 6. Qxf3 Qf6 7. Qxf6 Nxf6 8. d3 Be7 9. Bg5 Nd4 10. 0-0 Nxc2 11. Rac1 Nd4 12. Bxf6 Bxf6 13. Nd5 0-0-0 14. Rfe1 c6 15. Nxf6 gxf6 16. Bxf7 Rdf8 17. Bc4 b5 18. Bb3 Kb7 19. Rc3 h5 20. a4 b4 21. Rc4 Nxb3 22. Rxb4+ Kc7 23. Rxb3 Rb8 24. Rxb8 Rxb8 25. Rb1 Rb3 26. g4 hxg4 27. hxg4 Rxd3 28. b4 Kb7 29. Kg2 Kb6 30. f3 Rd2+ 31. Kg3 Ra2 32. Rd1 Kc7 33. f4 Ra3+ 34. Kh4 exf4 35. Rf1 f3 36. Kg3 Rxa4 37. Rxf3 Rxb4 38. Rxf6 Rxe4 39. g5 Re8 40. Rf7+ Kb6 41. g6 Rg8 42. g7 a5 43. Kg4 a4 44. Kg5 a3 45. Kg6 a2 46. Rf1 c5 47. Ra1 c4 48. Rxa2 Kc5 49. Rf2 c3 50. Rf8 Rxg7+ 51. Kxg7 Kd4 52. Rd8 d5 53. Kf6 c2 54. Rc8 Kd3 55. Ke5 d4 56. Rxc2 Kxc2 57. Kxd4 1/2-1/2

[Event "San Sebastian de los Reyes op U2200 1st"]
[Site "Madrid"]
[Date "2018.05.13"]
[Round "4"]
[White "Medina Balenciaga, Patricio"]
[Black "Deben Gayo, Javier"]
[Result "1/2-1/2"]
[WhiteElo "1412"]
[BlackElo "1643"]
[PlyCount "112"]
[EventDate "2018.04.22"]
[EventType "swiss"]
[EventRounds "6"]
[EventCountry "ESP"]
[SourceTitle "CBM 184 Extra"]
[Source "ChessBase"]
[SourceDate "2018.06.28"]
[SourceVersion "1"]
[SourceVersionDate "2018.06.28"]
[SourceQuality "1"]

1. e4 c5 2. Nf3 e6 3. d4 cxd4 4. Nxd4 Nf6 5. e5 Qa5+ 6. Nc3 Qxe5+ 7. Be2 Bb4 8. Nf3 Bxc3+ 9. bxc3 Qxc3+ 10. Bd2 Qc7 11. 0-0 0-0 12. Bd3 Nc6 13. Bg5 Ng4 14. Bh4 Nge5 15. Bg3 Nxf3+ 16. Qxf3 d6 17. Qe4 f5 18. Qc4 a6 19. h3 b5 20. Qc3 Qd7 21. Rad1 Ne7 22. Be2 Nd5 23. Qd4 Bb7 24. Qd2 Rac8 25. Rc1 Nc3 26. Rfe1 Ne4 27. Qe3 Nxg3 28. Qxg3 Rf6 29. Qb3 Bd5 30. c4 bxc4 31. Bxc4 Bxc4 32. Rxc4 Rxc4 33. Qxc4 a5 34. a4 d5 35. Qd4 h6 36. f4 Rf7 37. Rb1 Qa7 38. Qb6 Rb7 39. Qxa7 Rxa7 40. Rb6 Kf7 41. Kf2 Kf6 42. Ke3 Rc7 43. Rb5 Ra7 44. Kd4 Ke7 45. Ke5 Rd7 46. Kd4 Ra7 47. Ke5 Ra6 48. Rb7+ Kf8 49. Rb5 Kf7 50. g3 h5 51. h4 Kg6 52. Rc5 Kf7 53. Rb5 Ke7 54. Rb7+ Kf8 55. Rb5 Ke7 56. Rb7+ Kf8 1/2-1/2

[Event "San Sebastian de los Reyes op 18th"]
[Site "San Sebastian"]
[Date "2016.12.11"]
[Round "9"]
[White "Ojosnegros Martin, Angel"]
[Black "Medina Balenciaga, Patricio"]
[Result "0-1"]
[WhiteElo "1547"]
[BlackElo "1416"]
[PlyCount "94"]
[EventDate "2016.12.03"]
[EventType "swiss"]
[EventRounds "9"]
[EventCountry "ESP"]
[SourceTitle "CBM 176 Extra"]
[Source "ChessBase"]
[SourceDate "2017.03.02"]
[SourceVersion "1"]
[SourceVersionDate "2017.03.02"]
[SourceQuality "1"]

1. e4 e5 2. Nf3 Nc6 3. Bc4 Be7 4. 0-0 d6 5. Nc3 Bg4 6. Be2 Nf6 7. h3 Bh5 8. d3 0-0 9. Be3 d5 10. exd5 Nxd5 11. Ne4 f5 12. Nc5 Nxe3 13. Nxb7 Nxd1 14. Nxd8 Raxd8 15. Raxd1 e4 16. dxe4 Rxd1 17. Bxd1 fxe4 18. Nd2 e3 19. Bxh5 exd2 20. Be2 Rd8 21. a3 Bf6 22. c3 Re8 23. Bd1 Ne5 24. Bc2 Nc4 25. Bb3 Re1 26. Bxc4+ Kf8 27. Bb3 Ke7 28. Bd1 Kd6 29. f4 Bh4 30. g4 Kd5 31. Bc2 Bg3 32. f5 Rc1 33. Bd1 Be1 34. Bf3+ Ke5 35. Kg2 d1Q 36. Bxd1 Rxd1 37. Kf3 Rc1 38. Ke2 Bd2 39. Rf3 Bg5 40. Kd3 Rd1+ 41. Kc4 Ke4 42. Rf2 Ke3 43. Rc2 Kf3 44. Kb5 Rd6 45. c4 Rb6+ 46. Kc5 Be3+ 47. Kd5 Rd6+ 0-1

[Event "San Sebastian de los Reyes op 18th"]
[Site "San Sebastian"]
[Date "2016.12.10"]
[Round "8"]
[White "Medina Balenciaga, Patricio"]
[Black "Morata Palacios, Francisco"]
[Result "0-1"]
[WhiteElo "1416"]
[BlackElo "1757"]
[PlyCount "50"]
[EventDate "2016.12.03"]
[EventType "swiss"]
[EventRounds "9"]
[EventCountry "ESP"]
[SourceTitle "CBM 176 Extra"]
[Source "ChessBase"]
[SourceDate "2017.03.02"]
[SourceVersion "1"]
[SourceVersionDate "2017.03.02"]
[SourceQuality "1"]

1. e4 e6 2. Nf3 d5 3. exd5 exd5 4. d4 Bd6 5. c4 Nf6 6. Bg5 Be6 7. c5 Be7 8. Ne5 c6 9. f3 Nbd7 10. Nxd7 Bxd7 11. Bd3 0-0 12. 0-0 b6 13. b4 a5 14. Bd2 axb4 15. Bxb4 Qb8 16. a3 Nh5 17. Qc2 g6 18. Bd2 Bf6 19. Be3 Re8 20. Qf2 bxc5 21. Ra2 Rxe3 22. Qd2 Bxd4 23. Kh1 Nf4 24. Bc2 Re2 25. Qd1 Rxg2 0-1

[Event "San Sebastian de los Reyes op 17th"]
[Site "San Sebastian"]
[Date "2015.12.05"]
[Round "6"]
[White "Guillo Sanchez Galiano, Ernesto"]
[Black "Medina Balenciaga, Patricio"]
[Result "0-1"]
[WhiteElo "1201"]
[BlackElo "1416"]
[PlyCount "70"]
[EventDate "2015.11.30"]
[EventType "swiss"]
[EventRounds "9"]
[EventCountry "ESP"]
[SourceTitle "CBM 170 Extra"]
[Source "ChessBase"]
[SourceDate "2016.02.25"]
[SourceVersion "1"]
[SourceVersionDate "2016.02.25"]
[SourceQuality "1"]

1. d4 d5 2. Nf3 e6 3. Bf4 c5 4. e3 Nc6 5. c3 Nf6 6. Bd3 Be7 7. Ne5 c4 8. Bc2 Bd7 9. Nd2 b5 10. 0-0 b4 11. Qe2 a5 12. Ba4 Nxe5 13. Bxd7+ Nexd7 14. Rfe1 0-0 15. e4 Nxe4 16. Nxe4 dxe4 17. Qxe4 Nf6 18. Qf3 Nd5 19. Bd2 Bg5 20. Rad1 Bxd2 21. Rxd2 Qf6 22. Qg3 Rab8 23. Rde2 Nf4 24. Re4 Nd3 25. R1e3 bxc3 26. Rf3 Rxb2 27. h3 Qe7 28. Rg4 f5 29. Rg5 f4 30. Qg4 Qf6 31. g3 c2 32. gxf4 c1Q+ 33. Kg2 Ne1+ 34. Kg3 Nxf3 35. Qxf3 Qfxf4+ 0-1

[Event "San Sebastian de los Reyes op 17th"]
[Site "San Sebastian"]
[Date "2015.12.03"]
[Round "4"]
[White "Medina Balenciaga, Patricio"]
[Black "Martinez Miura, Enrique"]
[Result "0-1"]
[WhiteElo "1416"]
[BlackElo "1611"]
[PlyCount "76"]
[EventDate "2015.11.30"]
[EventType "swiss"]
[EventRounds "9"]
[EventCountry "ESP"]
[SourceTitle "CBM 170 Extra"]
[Source "ChessBase"]
[SourceDate "2016.02.25"]
[SourceVersion "1"]
[SourceVersionDate "2016.02.25"]
[SourceQuality "1"]

1. e4 e6 2. d4 d5 3. e5 c5 4. c3 Nc6 5. Be3 cxd4 6. cxd4 Qb6 7. b3 Nge7 8. Nc3 Nf5 9. Nf3 Nxe3 10. fxe3 Bb4 11. Rc1 Qa5 12. Qc2 Bd7 13. Nd2 Rc8 14. Bd3 Nxd4 15. exd4 Bxc3 16. Ke2 Ke7 17. Rhd1 Bxd4 18. Qb1 Bxe5 19. Nf3 Bf6 20. Rc2 Rxc2+ 21. Bxc2 Bb5+ 22. Bd3 Rc8 23. a4 Bxd3+ 24. Rxd3 Rc3 25. Rd2 Qc5 26. b4 Qe3+ 27. Kf1 Ra3 28. Qc2 Ra1+ 29. Rd1 Rxd1+ 30. Qxd1 Qc3 31. Kg1 Qa1 32. Qxa1 Bxa1 33. b5 h6 34. Kf2 Kd6 35. Nd2 Bc3 36. Nb1 d4 37. Ke2 Kc5 38. Kd3 Kb4 0-1

[Event "San Sebastian de los Reyes op 17th"]
[Site "San Sebastian"]
[Date "2015.11.30"]
[Round "1"]
[White "Perez Cameselle, Francisco Jose"]
[Black "Medina Balenciaga, Patricio"]
[Result "1-0"]
[WhiteElo "1904"]
[BlackElo "1416"]
[PlyCount "77"]
[EventDate "2015.11.30"]
[EventType "swiss"]
[EventRounds "9"]
[EventCountry "ESP"]
[SourceTitle "CBM 170 Extra"]
[Source "ChessBase"]
[SourceDate "2016.02.25"]
[SourceVersion "1"]
[SourceVersionDate "2016.02.25"]
[SourceQuality "1"]

1. Nf3 d5 2. g3 e6 3. Bg2 Bd6 4. d3 Nf6 5. 0-0 Bd7 6. Nc3 c6 7. e4 dxe4 8. dxe4 Be7 9. e5 Nd5 10. Ne4 c5 11. c4 Nb6 12. Nd6+ Bxd6 13. Qxd6 Bc6 14. Qxd8+ Kxd8 15. b3 Ke7 16. Bg5+ f6 17. exf6+ gxf6 18. Be3 N6d7 19. Rfd1 Na6 20. Rd2 Rad8 21. Rad1 b5 22. Rd6 Bxf3 23. Bxf3 Ne5 24. Rxd8 Nxf3+ 25. Kg2 Rxd8 26. Rxd8 Ne1+ 27. Kf1 Kxd8 28. Kxe1 b4 29. Ke2 Kd7 30. Kf3 Ke7 31. Kg4 Kf7 32. Kh5 Kg7 33. g4 e5 34. f3 f5 35. gxf5 Kf6 36. Kh6 Kxf5 37. Kxh7 Kf6 38. h4 Kf7 39. h5 1-0